<?xml version="1.0" encoding="UTF-8"?>
<marc:record xmlns:marc="http://www.loc.gov/MARC21/slim">
   <marc:leader>00000nam a2200000 a 4500</marc:leader>
   <marc:datafield ind1="1" ind2=" " tag="100">
      <marc:subfield code="a">Meyers kleine Kinderbibliothek</marc:subfield>
      <marc:subfield code="4">aut</marc:subfield>
      <marc:subfield code="e">Verfasser/-in</marc:subfield>
   </marc:datafield>
   <marc:datafield ind1="1" ind2=" " tag="100">
      <marc:subfield code="a">Naoura, Salah ¬</marc:subfield>
      <marc:subfield code="4">trl</marc:subfield>
      <marc:subfield code="e">Übersetzer/-in</marc:subfield>
   </marc:datafield>
   <marc:datafield ind1=" " ind2=" " tag="653">
      <marc:subfield code="a">Reihe</marc:subfield>
   </marc:datafield>
   <marc:datafield ind1=" " ind2=" " tag="653">
      <marc:subfield code="a">Bilderbuch</marc:subfield>
   </marc:datafield>
   <marc:datafield ind1=" " ind2=" " tag="653">
      <marc:subfield code="a">Kinderbuch</marc:subfield>
   </marc:datafield>
   <marc:datafield ind1=" " ind2=" " tag="653">
      <marc:subfield code="a">Pinguin</marc:subfield>
   </marc:datafield>
   <marc:datafield ind1=" " ind2=" " tag="653">
      <marc:subfield code="a">Sachbuch</marc:subfield>
   </marc:datafield>
   <marc:datafield ind1="0" ind2="0" tag="245">
      <marc:subfield code="a">Der Pinguin</marc:subfield>
   </marc:datafield>
   <marc:datafield ind1="0" ind2="0" tag="245">
      <marc:subfield code="c">Mettler René</marc:subfield>
   </marc:datafield>
   <marc:datafield ind1=" " ind2="1" tag="264">
      <marc:subfield code="a">Mannheim</marc:subfield>
      <marc:subfield code="b">Meyers Lexikonverlag</marc:subfield>
      <marc:subfield code="c">1996</marc:subfield>
   </marc:datafield>
   <marc:datafield ind1="1" ind2=" " tag="520">
      <marc:subfield code="a">Quelle: Kommission für KJL; #Autor: (1992-1997); #Pinguine, ihre Lebensweise und ihr Lebensraum werden in zahlreichen Bildern sehr plastisch dargestellt und mit kurzen Texten anschaulich, aber trotzdem sachlich beschrieben. Zusätzlich wird mit gestalterischen Effekten gearbeitet, z. B. mit transparenten Seiten. Bilder und Texte gehen sehr auf die Artenvielfalt, auf die Unterschiede zwischen den einzelnen Arten und ihre unterschiedliche Lebensweise ein. Trotz einiger Schwächen im Aufbau eines der wenigen guten Sachbücher für eine junge Zielgruppe, das sich auch zum Anschauen und Vorlesen eignet und sehr viel Information über Pinguine liefert.## ---- #Quelle: Unsere Kinder (http://www.unserekinder.at/); #Autor: Elfie Kainz-Kazda; #Alles über Pinguine weiß dieses Sachbuch, das sich zum Anschauen und Vorlesen eignet. Mit kurzen Texten und anschaulichen Bildern werden Lebensweise und Lebensraum dieser Tiere sehr genau beschrieben, dabei wird teilweise mit zusätzlichen Effekten gearbeitet, z. B. mit transparenten Seiten.</marc:subfield>
   </marc:datafield>
   <marc:datafield ind1=" " ind2=" " tag="020">
      <marc:subfield code="a">9783411096114</marc:subfield>
      <marc:subfield code="9">9783411096114</marc:subfield>
   </marc:datafield>
   <marc:datafield ind1=" " ind2=" " tag="041">
      <marc:subfield code="a">ger</marc:subfield>
   </marc:datafield>
   <marc:datafield ind1=" " ind2=" " tag="300">
      <marc:subfield code="a">o. S.</marc:subfield>
   </marc:datafield>
</marc:record>
